[Event "Ruhrgebiet VK2 0405"]
[Site "Ruhrgebiet"]
[Date "2004.09.12"]
[Round "1.8"]
[White "Claus, Joachim"]
[Black "Leimkuehler, Dirk"]
[Result "0-1"]
[WhiteElo "1748"]
[BlackElo "1905"]
[PlyCount "98"]
[EventDate "2004.09.12"]
[EventType "team"]
[EventRounds "9"]
[EventCountry "GER"]
[SourceTitle "EXT 2006"]
[Source "ChessBase"]
[SourceDate "2005.11.24"]
[SourceVersion "1"]
[SourceVersionDate "2005.11.24"]
[SourceQuality "1"]
[WhiteTeam "Witten"]
[BlackTeam "Welper SV"]
[WhiteTeamCountry "GER"]
[BlackTeamCountry "GER"]

1. e4 c5 2. d4 cxd4 3. c3 Nf6 4. e5 Nd5 5. Bc4 e6 6. Bxd5 exd5 7. Qxd4 Qa5 8. b4 Qb5 9. Na3 Qc6 10. Ne2 b5 11. 0-0 Bb7 12. Bb2 Na6 13. Rac1 Nc7 14. Nc2 Be7 15. Ne3 0-0 16. Qg4 Rfe8 17. Nd4 Qb6 18. Rfe1 Bf8 19. Nec2 Rad8 20. Re3 d6 21. exd6 Rxd6 22. Rce1 Rxe3 23. Rxe3 Rg6 24. Qe2 a6 25. a3 Bc8 26. Nf3 Ne6 27. Nh4 Nf4 28. Qd2 Rg4 29. Rf3 Qh6 30. Bc1 Bd6 31. Rxf4 Bxf4 32. Qxd5 Qxh4 33. Bxf4 Rxf4 34. g3 Rg4 35. Ne3 Rg6 36. Qa8 Qh3 37. Nd5 Kf8 38. Nf4 Qd7 39. Nxg6+ hxg6 40. Qe4 Bb7 41. Qc2 Qd5 42. Kf1 Qg2+ 43. Ke1 Qe4+ 44. Qxe4 Bxe4 45. Kd2 Ke7 46. Ke3 Bd5 47. Kd4 Kd6 48. h4 f5 49. f4 Bc4 0-1

[Event "Bad Wildungen Seniors op-A 1st"]
[Site "Bad Wildungen"]
[Date "2004.07.14"]
[Round "9"]
[White "Claus, Joachim"]
[Black "Rotstein, Jefim"]
[Result "0-1"]
[WhiteElo "1830"]
[BlackElo "2289"]
[PlyCount "74"]
[EventDate "2004.07.03"]
[EventType "swiss"]
[EventRounds "9"]
[EventCountry "GER"]
[SourceTitle "EXT 2006"]
[Source "ChessBase"]
[SourceDate "2005.11.24"]
[SourceVersion "1"]
[SourceVersionDate "2005.11.24"]
[SourceQuality "1"]

1. e4 c5 2. d4 cxd4 3. c3 Nf6 4. e5 Nd5 5. cxd4 e6 6. Nf3 d6 7. Bb5+ Bd7 8. Bxd7+ Nxd7 9. 0-0 dxe5 10. dxe5 Be7 11. Qe2 0-0 12. Rd1 Qc7 13. Bd2 Rac8 14. Nc3 Nxc3 15. Bxc3 Nb6 16. Ba5 Qc4 17. Qxc4 Nxc4 18. Bc3 Rfd8 19. Kf1 Kf8 20. Ke2 Ke8 21. Nd2 Nxd2 22. Rxd2 Rxd2+ 23. Kxd2 Kd7 24. Rd1 Kc6 25. Kc2 Rd8 26. Rd3 Rxd3 27. Kxd3 Kd5 28. b3 h5 29. h3 Bd8 30. f3 Bb6 31. Ba1 Bf2 32. Bc3 Bg3 33. Bd4 a6 34. Ke3 Bxe5 35. Bxe5 Kxe5 36. g4 hxg4 37. hxg4 g5 0-1